[Event "Campeonato del mundo sub-18"]
[Site "Kemer TUR"]
[Date "2009.11.12"]
[Round "1.1"]
[White "Matlakov, Maxim"]
[Black "Bebel, Arkadiusz"]
[Result "1/2-1/2"]
[WhiteElo "2575"]
[BlackElo "2275"]
[PlyCount "77"]
[EventDate "2009.11.11"]
[EventType "swiss"]
[EventRounds "11"]
[EventCountry "ESP"]
[Source "lmi"]
[SourceDate "2009.11.11"]

1. d4 c5 2. d5 d6 3. e4 g6 4. Nc3 Bg7 5. Nf3 Nf6 6. Be2 O-O 7. O-O e6 8. dxe6
Bxe6 9. Ng5 Nc6 10. Nxe6 fxe6 11. Be3 Qe7 12. f4 Rad8 13. Bf2 Nd7 14. Bg3 Nd4
15. Bd3 Nb6 16. a4 c4 17. Be2 d5 18. a5 Nd7 19. exd5 exd5 20. Bf3 Nxf3+ 21.
Qxf3 d4 22. Nd5 Qc5 23. Bh4 d3+ 24. Bf2 Bd4 25. Bxd4 Qxd4+ 26. Kh1 dxc2 27. Ne3
Ne5 28. Qe2 Qd3 29. Qxc2 Qxc2 30. Nxc2 Nd3 31. Rab1 Rde8 32. Na3 Re4 33. g3 Rd8
34. Kg1 Rd5 35. Rfd1 b6 36. axb6 axb6 37. Rd2 b5 38. Rbd1 b4 39. Nxc4 1/2-1/2

[Event "Campeonato del mundo sub-18"]
[Site "Kemer TUR"]
[Date "2009.11.12"]
[Round "1.2"]
[White "Ollier, Pablo"]
[Black "Salgado Lopez, Ivan"]
[Result "0-1"]
[WhiteElo "2259"]
[BlackElo "2562"]
[PlyCount "60"]
[EventDate "2009.11.11"]
[EventType "swiss"]
[EventRounds "11"]
[EventCountry "ESP"]
[Source "lmi"]
[SourceDate "2009.11.11"]

1. d4 Nf6 2. c4 e6 3. Nc3 Bb4 4. e3 b6 5. Nge2 c5 6. a3 Ba5 7. Ng3 Bb7 8. Rb1
Na6 9. Bd2 O-O 10. Bd3 d5 11. cxd5 cxd4 12. exd4 Bxc3 13. bxc3 Qxd5 14. f3 e5
15. Rb5 Nc5 16. Bg5 exd4 17. Bxf6 Qe6+ 18. Be4 Nxe4 19. fxe4 Qxf6 20. Qxd4 Qg6
21. O-O Ba6 22. Nf5 Qf6 23. e5 Qe6 24. Nxg7 Kxg7 25. Rf6 Rad8 26. Qf4 Rd1+ 27.
Kf2 Qa2+ 28. Kg3 Rd3+ 29. Kh4 Qxg2 30. Qh6+ Kg8 0-1

[Event "Campeonato del mundo sub-18"]
[Site "Kemer TUR"]
[Date "2009.11.12"]
[Round "1.3"]
[White "Abasov, Nijat"]
[Black "Kocheev, Aleksandr"]
[Result "1-0"]
[WhiteElo "2522"]
[BlackElo "2247"]
[PlyCount "85"]
[EventDate "2009.11.11"]
[EventType "swiss"]
[EventRounds "11"]
[EventCountry "ESP"]
[Source "lmi"]
[SourceDate "2009.11.11"]

1. e4 e5 2. Nf3 Nc6 3. Bb5 Nf6 4. O-O Nxe4 5. d4 Nd6 6. Bxc6 dxc6 7. dxe5 Nf5
8. Qxd8+ Kxd8 9. Nc3 Ne7 10. h3 h6 11. Be3 Ke8 12. Rad1 Be6 13. Nd4 Nd5 14.
Nxd5 Bxd5 15. Nb5 cxb5 16. Rxd5 a6 17. Rfd1 Be7 18. f4 g6 19. Kf2 h5 20. g3 Rd8
21. Kf3 Rxd5 22. Rxd5 Rh7 23. Ke4 Rg7 24. Rd2 f5+ 25. Kd5 Bb4 26. c3 Rd7+ 27.
Ke6 Rxd2 28. Bxd2 Be7 29. Be3 Bd8 30. Bc5 c6 31. h4 a5 32. b3 b6 33. Be3 b4 34.
c4 c5 35. Bc1 Be7 36. Bb2 Bd8 37. Kd5 Ke7 38. e6 Bc7 39. Be5 Bd8 40. Bd6+ Kf6
41. e7 Bxe7 42. Bxe7+ Kxe7 43. Kc6 1-0

[Event "Campeonato del mundo sub-18"]
[Site "Kemer TUR"]
[Date "2009.11.12"]
[Round "1.4"]
[White "Shreyansh Daklia, Jain"]
[Black "Ter-Sahakyan, Samvel"]
[Result "1-0"]
[WhiteElo "2236"]
[BlackElo "2512"]
[PlyCount "91"]
[EventDate "2009.11.11"]
[EventType "swiss"]
[EventRounds "11"]
[EventCountry "ESP"]
[Source "lmi"]
[SourceDate "2009.11.11"]

1. e4 c5 2. Nf3 d6 3. Bb5+ Nd7 4. c3 Ngf6 5. Qe2 a6 6. Ba4 e6 7. O-O Be7 8. d4
b5 9. Bc2 Bb7 10. Rd1 O-O 11. Nbd2 cxd4 12. cxd4 Re8 13. Nf1 Rc8 14. Ng3 Bf8
15. a4 b4 16. a5 Rc7 17. Bd3 Qa8 18. Bd2 d5 19. e5 Ne4 20. Bxe4 dxe4 21. Ng5
Be7 22. N5xe4 Rc2 23. Rab1 Rec8 24. Qg4 g6 25. Bg5 Bf8 26. h4 Bd5 27. Rd3 Bc4
28. Rf3 Rc6 29. h5 Qe8 30. Re1 Rxb2 31. Bc1 Rb1 32. hxg6 fxg6 33. Nh5 Bg7 34.
Nxg7 Kxg7 35. Bh6+ Kxh6 36. Rxb1 Qe7 37. Nf6 Kg7 38. Qh4 Kh8 39. Rh3 Nxf6 40.
exf6 Qc7 41. Qh6 Qf7 42. Rxb4 Bb5 43. Qf4 Rc8 44. Rbb3 Rf8 45. Qh6 Rg8 46.
Qxh7+ 1-0

[Event "Campeonato del mundo sub-18"]
[Site "Kemer TUR"]
[Date "2009.11.12"]
[Round "1.5"]
[White "Chirila, Ioan-Cristian"]
[Black "Kaminski, Victor"]
[Result "1-0"]
[WhiteElo "2510"]
[BlackElo "2235"]
[PlyCount "57"]
[EventDate "2009.11.11"]
[EventType "swiss"]
[EventRounds "11"]
[EventCountry "ESP"]
[Source "lmi"]
[SourceDate "2009.11.11"]

1. e4 c6 2. c4 g6 3. d4 d6 4. Nc3 Bg7 5. Nf3 Bg4 6. Be2 Nd7 7. Be3 Ngf6 8. O-O
O-O 9. Nd2 Bxe2 10. Qxe2 Qa5 11. a3 c5 12. e5 cxd4 13. exf6 Bxf6 14. Nb3 Qb6
15. Nxd4 Bxd4 16. Na4 Qc6 17. Bxd4 e5 18. Bxa7 Rxa7 19. Nc3 Nb6 20. Nb5 Ra5 21.
b4 Raa8 22. Rac1 Rfc8 23. Rfd1 d5 24. c5 Nc4 25. Nc3 Rd8 26. a4 b6 27. cxb6
Nxb6 28. Nxd5 Qb7 29. Nf6+ 1-0

[Event "Campeonato del mundo sub-18"]
[Site "Kemer TUR"]
[Date "2009.11.12"]
[Round "1.10"]
[White "Pradeep Kumar, Raghu"]
[Black "Hovhannisyan, Robert"]
[Result "1/2-1/2"]
[WhiteElo "2202"]
[BlackElo "2487"]
[PlyCount "102"]
[EventDate "2009.11.11"]
[EventType "swiss"]
[EventRounds "11"]
[EventCountry "ESP"]
[Source "lmi"]
[SourceDate "2009.11.11"]

1. Nf3 g6 2. c4 Bg7 3. Nc3 d6 4. d4 Bg4 5. e3 Nf6 6. h3 Bxf3 7. Qxf3 Nc6 8. Be2
O-O 9. d5 Nb4 10. O-O Nd7 11. Bd2 a5 12. a3 Na6 13. Rab1 Nac5 14. b4 axb4 15.
axb4 Na4 16. Rfc1 Nxc3 17. Bxc3 Bxc3 18. Rxc3 Ra2 19. e4 f5 20. exf5 Rxf5 21.
Qd3 Qf8 22. Rf1 Qf6 23. Rc2 Ne5 24. Qb3 Ra8 25. Ra2 Rf8 26. Qe3 Qh4 27. Ra7
Nxc4 28. Bxc4 Qxc4 29. Rxb7 Re5 30. Qc1 Rf4 31. g3 Qxc1 32. Rxc1 Rd4 33. Rcxc7
Kf7 34. b5 Rdxd5 35. b6 Rb5 36. Rb8 Rb1+ 37. Kh2 Rb2 38. Rcc8 Ke6 39. g4 Reb5
40. Rh8 h5 41. Rhg8 hxg4 42. Rxg6+ Kf7 43. Rxg4 Rf5 44. b7 Rbxf2+ 45. Kg3 R2f3+
46. Kg2 Rb3 47. Rgg8 Ke6 48. Rg6+ Kd7 49. Rgg8 Ke6 50. Rg6+ Ke5 51. Rg7 Ke6
1/2-1/2

[Event "Campeonato del mundo sub-18"]
[Site "Kemer TUR"]
[Date "2009.11.12"]
[Round "1.11"]
[White "Adhiban, Baskaran"]
[Black "Plaskan, Jure"]
[Result "1-0"]
[WhiteElo "2486"]
[BlackElo "2197"]
[PlyCount "63"]
[EventDate "2009.11.11"]
[EventType "swiss"]
[EventRounds "11"]
[EventCountry "ESP"]
[Source "lmi"]
[SourceDate "2009.11.11"]

1. e4 c5 2. Nf3 d6 3. d4 Nf6 4. Nc3 cxd4 5. Nxd4 a6 6. h3 e6 7. g4 d5 8. exd5
Nxd5 9. Nde2 Bb4 10. Bg2 Nc6 11. O-O Nde7 12. Qxd8+ Nxd8 13. Na4 Ba5 14. Be3
Bd7 15. Nb6 Bxb6 16. Bxb6 Bc6 17. c4 Bxg2 18. Kxg2 Ndc6 19. Rad1 Ne5 20. b3
N7c6 21. Nc3 Nd7 22. Bc7 Rc8 23. Bd6 Nd8 24. Bb4 b6 25. Ne4 Nb7 26. Rd2 a5 27.
Ba3 Ne5 28. Bb2 Nd7 29. Bxg7 Rg8 30. Nf6+ Nxf6 31. Bxf6 Nc5 32. Rfd1 1-0

[Event "Campeonato del mundo sub-18"]
[Site "Kemer TUR"]
[Date "2009.11.12"]
[Round "1.12"]
[White "Sanchez, Maya Simon"]
[Black "Martinovic, Sasa"]
[Result "0-1"]
[WhiteElo "2194"]
[BlackElo "2483"]
[PlyCount "52"]
[EventDate "2009.11.11"]
[EventType "swiss"]
[EventRounds "11"]
[EventCountry "ESP"]
[Source "lmi"]
[SourceDate "2009.11.11"]

1. e4 c5 2. d4 cxd4 3. c3 dxc3 4. Nxc3 Nc6 5. Nf3 d6 6. Bc4 a6 7. O-O Nf6 8.
Bg5 e6 9. Qe2 h6 10. Bf4 e5 11. Be3 Be7 12. Rac1 O-O 13. Na4 Bg4 14. Bb6 Qe8
15. Nc3 Nd7 16. Be3 Nd4 17. Bxd4 exd4 18. Nd5 Ne5 19. Bb3 Bg5 20. Rc7 d3 21.
Qd1 Rc8 22. Rxc8 Qxc8 23. Nxg5 Bxd1 24. Ne7+ Kh8 25. Nxc8 Bxb3 26. Nxd6 Bc2 0-1

[Event "Campeonato del mundo sub-18"]
[Site "Kemer TUR"]
[Date "2009.11.12"]
[Round "1.13"]
[White "Piorun, Kacper"]
[Black "Akdag, Dara"]
[Result "1-0"]
[WhiteElo "2475"]
[BlackElo "2189"]
[PlyCount "59"]
[EventDate "2009.11.11"]
[EventType "swiss"]
[EventRounds "11"]
[EventCountry "ESP"]
[Source "lmi"]
[SourceDate "2009.11.11"]

1. e4 c5 2. Nf3 d6 3. d4 cxd4 4. Nxd4 Nf6 5. Nc3 g6 6. Be3 Bg7 7. f3 O-O 8. Qd2
Nc6 9. Bc4 Bd7 10. O-O-O Rc8 11. Bb3 Ne5 12. h4 h5 13. Kb1 Re8 14. g4 hxg4 15.
f4 Nc4 16. Bxc4 Rxc4 17. f5 b5 18. fxg6 fxg6 19. Qd3 Qc8 20. h5 gxh5 21. Nd5
Be6 22. Nxf6+ exf6 23. Rxh5 Bf7 24. Rxb5 Rxd4 25. Qxd4 f5 26. Qxa7 Qc4 27. Rxf5
Bg6 28. Bd4 Bxd4 29. Rxd4 Rxe4 30. Qa8+ 1-0

[Event "Campeonato del mundo sub-18"]
[Site "Kemer TUR"]
[Date "2009.11.12"]
[Round "1.14"]
[White "Adair, James Robert"]
[Black "Salem, A.R.Saleh"]
[Result "0-1"]
[WhiteElo "2188"]
[BlackElo "2472"]
[PlyCount "76"]
[EventDate "2009.11.11"]
[EventType "swiss"]
[EventRounds "11"]
[EventCountry "ESP"]
[Source "lmi"]
[SourceDate "2009.11.11"]

1. e4 c5 2. Nf3 d6 3. d4 cxd4 4. Nxd4 Nf6 5. Nc3 Nc6 6. Bg5 Qa5 7. Bxf6 gxf6 8.
Nb3 Qg5 9. Nd5 Rb8 10. Qf3 Bg7 11. Bd3 f5 12. exf5 Ne5 13. Bb5+ Kf8 14. Qe3
Qxg2 15. O-O-O Bxf5 16. Nd4 Qxd5 17. Nxf5 Qxb5 18. Nxg7 Nc4 19. Qc3 Qxb2+ 20.
Qxb2 Nxb2 21. Kxb2 Kxg7 22. Rhe1 Kf8 23. Rd3 Rc8 24. Rb3 Rc7 25. Re4 e6 26. Ra4
b6 27. Rc3 Rxc3 28. Kxc3 a5 29. Kc4 Ke7 30. Kb5 Rc8 31. c4 Kd7 32. Kxb6 Rb8+
33. Ka7 Kc7 34. c5 dxc5 35. Rxa5 Rb7+ 36. Ka8 Rb2 37. Rxc5+ Kb6 38. Rh5 Rxa2+
0-1

[Event "Campeonato del mundo sub-18"]
[Site "Kemer TUR"]
[Date "2009.11.12"]
[Round "1.15"]
[White "Yilmaz, Mustafa"]
[Black "Hanninger, Simon"]
[Result "1-0"]
[WhiteElo "2468"]
[BlackElo "2171"]
[PlyCount "59"]
[EventDate "2009.11.11"]
[EventType "swiss"]
[EventRounds "11"]
[EventCountry "ESP"]
[Source "lmi"]
[SourceDate "2009.11.11"]

1. e4 c6 2. Nc3 d5 3. d4 dxe4 4. Nxe4 Bf5 5. Ng3 Bg6 6. Nh3 e6 7. Nf4 Bd6 8. c3
Nf6 9. h4 Bxf4 10. Bxf4 h6 11. h5 Bh7 12. Be2 O-O 13. O-O Nd5 14. Bd2 Nd7 15.
c4 N5f6 16. Qb3 Qb6 17. Qc3 Ne4 18. Nxe4 Bxe4 19. Qg3 Kh8 20. Bc3 f6 21. Rfe1
Bf5 22. Rad1 Rfe8 23. Qf4 Bh7 24. Bf1 e5 25. dxe5 Nxe5 26. Re3 Nf7 27. Rd7 Rxe3
28. fxe3 Kg8 29. Qd4 Rb8 30. c5 1-0

[Event "Campeonato del mundo sub-18"]
[Site "Kemer TUR"]
[Date "2009.11.12"]
[Round "1.16"]
[White "Schon, Eugene"]
[Black "Krejci, Jan"]
[Result "1/2-1/2"]
[WhiteElo "2171"]
[BlackElo "2458"]
[PlyCount "128"]
[EventDate "2009.11.11"]
[EventType "swiss"]
[EventRounds "11"]
[EventCountry "ESP"]
[Source "lmi"]
[SourceDate "2009.11.11"]

1. e4 e5 2. Nf3 Nc6 3. Bb5 a6 4. Ba4 Nf6 5. O-O Be7 6. Re1 b5 7. Bb3 d6 8. c3
O-O 9. h3 Na5 10. Bc2 c5 11. d4 Qc7 12. Nbd2 cxd4 13. cxd4 Nc6 14. Nb3 a5 15.
Be3 a4 16. Nbd2 Bd7 17. Rc1 Qb7 18. Qe2 Rfe8 19. Bd3 Rab8 20. dxe5 Nxe5 21.
Nxe5 dxe5 22. Bc5 Bc6 23. b3 a3 24. Bxe7 Rxe7 25. b4 Rd8 26. Nb3 Qb6 27. Rc3 h6
28. Rec1 Be8 29. Rc5 Rb8 30. Na5 Re6 31. R1c3 g6 32. Rxa3 Nh5 33. g3 Rd6 34.
Kg2 Rd4 35. Rac3 Rxb4 36. a3 Ra4 37. Nc6 Bxc6 38. Rxc6 Qa5 39. Rc8+ Rxc8 40.
Rxc8+ Kg7 41. Bxb5 Rd4 42. Rc5 Qxa3 43. Rxe5 Qd6 44. Rd5 Rxd5 45. exd5 Qxd5+
46. Kh2 Nf6 47. Bc4 Qd4 48. Kg2 Ne4 49. Bb3 Nd6 50. Qf3 Qe4 51. Qxe4 Nxe4 52.
Bd5 Nd6 53. Kf3 Kf6 54. Kf4 g5+ 55. Ke3 Ke5 56. Bg2 Nf5+ 57. Kd3 h5 58. Be4 Nd6
59. Bg2 f6 60. Ke3 Nf5+ 61. Ke2 h4 62. Kf3 Nh6 63. Ke3 hxg3 64. fxg3 f5 1/2-1/2

[Event "Campeonato del mundo sub-18"]
[Site "Kemer TUR"]
[Date "2009.11.12"]
[Round "1.17"]
[White "Rozum, Ivan"]
[Black "Mocanu, Sergiu"]
[Result "1-0"]
[WhiteElo "2458"]
[BlackElo "2169"]
[PlyCount "89"]
[EventDate "2009.11.11"]
[EventType "swiss"]
[EventRounds "11"]
[EventCountry "ESP"]
[Source "lmi"]
[SourceDate "2009.11.11"]

1. d4 d5 2. Nf3 Nf6 3. c4 c6 4. e3 g6 5. Nc3 Bg7 6. Be2 O-O 7. O-O Bg4 8. cxd5
Nxd5 9. h3 Bxf3 10. Bxf3 e6 11. Bd2 Nb6 12. Qb3 N8d7 13. Rfd1 e5 14. d5 e4 15.
Nxe4 cxd5 16. Nc3 Rc8 17. Be1 Nc5 18. Qb5 a6 19. Qe2 Nca4 20. Nxa4 Nxa4 21. Bb4
Bxb2 22. Rab1 Bh8 23. Bxd5 Qf6 24. Bxb7 Rb8 25. Qxa6 Qxa6 26. Bxa6 Nc3 27. Bxc3
Bxc3 28. Rb7 Rxb7 29. Bxb7 Ba5 30. Rd5 Rb8 31. Rxa5 Rxb7 32. g4 h6 33. Kg2 Rb2
34. h4 Kf8 35. g5 hxg5 36. hxg5 Ke7 37. a4 Ra2 38. Kg3 Ke6 39. f4 Ra3 40. Kf3
Ke7 41. Ra8 Ra1 42. a5 Ra3 43. a6 Ke6 44. a7 Ke7 45. f5 1-0

[Event "Campeonato del mundo sub-18"]
[Site "Kemer TUR"]
[Date "2009.11.12"]
[Round "1.18"]
[White "Biryukov, Mikhail"]
[Black "Durarbeyli, Vasif"]
[Result "0-1"]
[WhiteElo "2165"]
[BlackElo "2456"]
[PlyCount "106"]
[EventDate "2009.11.11"]
[EventType "swiss"]
[EventRounds "11"]
[EventCountry "ESP"]
[Source "lmi"]
[SourceDate "2009.11.11"]

1. e4 c5 2. Nf3 e6 3. d4 cxd4 4. Nxd4 Nc6 5. Nb5 d6 6. c4 Nf6 7. N1c3 a6 8. Nd4
Bd7 9. Be2 Rc8 10. Nxc6 Bxc6 11. Qd3 b5 12. cxb5 axb5 13. f3 b4 14. Nd1 d5 15.
exd5 Nxd5 16. Ne3 Bc5 17. Nxd5 Bxd5 18. Be3 O-O 19. Bxc5 Rxc5 20. O-O Qc7 21.
Qd4 Rb8 22. Bd3 g6 23. Qe3 Ra8 24. Rac1 Rxc1 25. Rxc1 Qa5 26. Be4 Qxa2 27. Bxd5
Qxd5 28. Qc5 Qd2 29. Qc2 Qe3+ 30. Kf1 h5 31. Re1 Qf4 32. Qe4 Qb8 33. Qe5 Qb6
34. Qe3 Qd6 35. Kg1 Rc8 36. Rc1 Rxc1+ 37. Qxc1 Qd4+ 38. Kf1 Kg7 39. Qc2 h4 40.
h3 Qe3 41. Qe2 Qc1+ 42. Kf2 Kf6 43. b3 Qc3 44. Qe4 g5 45. Qh7 Ke7 46. Qg8 Qd4+
47. Kf1 f6 48. Qg7+ Kd6 49. Qf8+ Ke5 50. Qb8+ Kf5 51. Qb7 Kf4 52. Qc7+ e5 53.
Qc2 Kg3 0-1

[Event "Campeonato del mundo sub-18"]
[Site "Kemer TUR"]
[Date "2009.11.12"]
[Round "1.19"]
[White "Benidze, Davit"]
[Black "Larmuseau, Maarten"]
[Result "1-0"]
[WhiteElo "2450"]
[BlackElo "2160"]
[PlyCount "55"]
[EventDate "2009.11.11"]
[EventType "swiss"]
[EventRounds "11"]
[EventCountry "ESP"]
[Source "lmi"]
[SourceDate "2009.11.11"]

1. Nf3 e6 2. g3 b6 3. Bg2 Bb7 4. O-O Nf6 5. c4 Be7 6. Nc3 O-O 7. d4 d6 8. d5 c6
9. dxe6 fxe6 10. Nd4 Bc8 11. Nxc6 Nxc6 12. Bxc6 Ba6 13. Qa4 Rc8 14. b3 d5 15.
Rd1 Bc5 16. cxd5 Bxf2+ 17. Kg2 exd5 18. Ba3 Rf7 19. Nxd5 Kh8 20. Nb4 Qc7 21.
Nxa6 Qe5 22. Bf3 g5 23. Bd6 Qe6 24. Nc7 Rcxc7 25. Bxc7 g4 26. Ba8 Bc5 27. Qf4
Qxe2+ 28. Kh1 1-0

[Event "Campeonato del mundo sub-18"]
[Site "Kemer TUR"]
[Date "2009.11.12"]
[Round "1.20"]
[White "Tiraturyan, David"]
[Black "Shukh, Nikolay"]
[Result "0-1"]
[WhiteElo "2158"]
[BlackElo "2438"]
[PlyCount "112"]
[EventDate "2009.11.11"]
[EventType "swiss"]
[EventRounds "11"]
[EventCountry "ESP"]
[Source "lmi"]
[SourceDate "2009.11.11"]

1. e4 c5 2. Nf3 d6 3. Bb5+ Nd7 4. O-O Ngf6 5. Re1 a6 6. Bxd7+ Nxd7 7. d4 e6 8.
dxc5 Nxc5 9. Qd4 f6 10. a4 Be7 11. b4 Nd7 12. Nbd2 O-O 13. Qc4 Ne5 14. Qb3 Kh8
15. Bb2 Nxf3+ 16. Nxf3 e5 17. Red1 Qe8 18. Nd2 f5 19. Nc4 Be6 20. exf5 Rxf5 21.
Qd3 Qf8 22. f3 Rh5 23. Nb6 Rd8 24. Nd5 Bg5 25. Bc1 Bxc1 26. Raxc1 Bxd5 27. Qxd5
Qf4 28. h3 Qxb4 29. c4 Rh4 30. c5 Rd4 31. Rxd4 Qxd4+ 32. Qxd4 exd4 33. cxd6 h6
34. Rc7 d3 35. Rxb7 d2 36. Rb1 Rc8 37. d7 Rc1+ 38. Kh2 d1=Q 39. Rxc1 Qd6+ 40.
Kh1 Qxd7 41. Rc4 Kh7 42. Rg4 h5 43. Re4 Qd5 44. Kh2 Kg6 45. Kg3 Kf5 46. Rf4+
Ke6 47. Re4+ Kd6 48. Kf2 Qd2+ 49. Kg3 Kd5 50. Kh2 a5 51. Rh4 Qg5 52. Re4 Qf5
53. Kg3 g5 54. h4 g4 55. Rf4 Qd3 56. Rf8 Kc4 0-1

[Event "Campeonato del mundo sub-18"]
[Site "Kemer TUR"]
[Date "2009.11.12"]
[Round "1.21"]
[White "Rasulov, Vugar Ural Oglu"]
[Black "Hesham, Abdelrahman"]
[Result "1-0"]
[WhiteElo "2427"]
[BlackElo "2155"]
[PlyCount "107"]
[EventDate "2009.11.11"]
[EventType "swiss"]
[EventRounds "11"]
[EventCountry "ESP"]
[Source "lmi"]
[SourceDate "2009.11.11"]

1. e4 c5 2. Nf3 d6 3. d4 cxd4 4. Qxd4 Nc6 5. Bb5 Bd7 6. Bxc6 Bxc6 7. Nc3 Nf6 8.
Bg5 Qb6 9. Bxf6 gxf6 10. Qxb6 axb6 11. Nd4 e6 12. f4 Rg8 13. g3 f5 14. Nxc6
bxc6 15. exf5 exf5 16. Nd1 Ke7 17. Kd2 Kf6 18. c4 h5 19. Ne3 h4 20. Ke2 hxg3
21. hxg3 Rxg3 22. Kf2 Rg6 23. Rh5 Rh6 24. Rxf5+ Ke6 25. Rg5 Rh2+ 26. Ng2 Bh6
27. Rg4 f5 28. Rg6+ Kf7 29. Kg1 Rh5 30. Rg3 Rh8 31. Kf2 Bg7 32. Rd1 Rd8 33.
Rgd3 d5 34. R1d2 Bf8 35. cxd5 Bc5+ 36. Ke2 Rh2 37. Kd1 Rxd5 38. Rxd5 cxd5 39.
Ne1 Rxd2+ 40. Kxd2 Kg6 41. Ke2 Kf6 42. Nc2 Ke6 43. b4 Bd6 44. Ke3 Kf6 45. a3
Bb8 46. Nd4 Bd6 47. Nb5 Bb8 48. a4 Kg6 49. a5 bxa5 50. bxa5 d4+ 51. Nxd4 Ba7
52. Kd3 Kh5 53. Nxf5 Kg4 54. Ke4 1-0

[Event "Campeonato del mundo sub-18"]
[Site "Kemer TUR"]
[Date "2009.11.12"]
[Round "1.22"]
[White "Aguirre, Manzo Leopoldo"]
[Black "Bukavshin, Ivan"]
[Result "1-0"]
[WhiteElo "2148"]
[BlackElo "2426"]
[PlyCount "59"]
[EventDate "2009.11.11"]
[EventType "swiss"]
[EventRounds "11"]
[EventCountry "ESP"]
[Source "lmi"]
[SourceDate "2009.11.11"]

1. e4 c5 2. Nf3 d6 3. d4 cxd4 4. Nxd4 Nf6 5. Nc3 Nc6 6. Bg5 e6 7. Qd2 a6 8.
O-O-O Be7 9. f4 Nxd4 10. Qxd4 b5 11. Be2 Bb7 12. Bf3 O-O 13. e5 Bxf3 14. exf6
gxf6 15. gxf3 fxg5 16. Ne4 d5 17. Nxg5 h6 18. h4 hxg5 19. hxg5 f6 20. g6 Qc7
21. Qe3 e5 22. Qd2 Qc4 23. fxe5 fxe5 24. Rh8+ Kg7 25. Qh6+ Kf6 26. g7+ Kf7 27.
gxf8=Q+ Rxf8 28. Rh7+ Ke8 29. Qe6 Qc7 30. Rxd5 1-0

[Event "Campeonato del mundo sub-18"]
[Site "Kemer TUR"]
[Date "2009.11.12"]
[Round "1.24"]
[White "Reimanis, Ritvars"]
[Black "Yaksin, Oleg"]
[Result "0-1"]
[WhiteElo "2112"]
[BlackElo "2406"]
[PlyCount "62"]
[EventDate "2009.11.11"]
[EventType "swiss"]
[EventRounds "11"]
[EventCountry "ESP"]
[Source "lmi"]
[SourceDate "2009.11.11"]

1. d4 Nf6 2. c4 e6 3. Nc3 Bb4 4. e3 O-O 5. Nge2 d5 6. a3 Be7 7. Ng3 c5 8. dxc5
Bxc5 9. cxd5 exd5 10. Bd3 Nc6 11. O-O Be6 12. b4 Bd6 13. Bb2 Ng4 14. Be2 Nce5
15. Nxd5 Qh4 16. h3 Nxf2 17. Kxf2 Nd3+ 18. Qxd3 Qxg3+ 19. Kg1 Bxh3 20. Bf3 Qh2+
21. Kf2 Bg3+ 22. Ke2 Bxg2 23. Ne7+ Kh8 24. Bxg7+ Kxg7 25. Qd4+ f6 26. Kd3 Rfd8
27. Nd5 Bxf3 28. Rxf3 Be5 29. Qg4+ Kh8 30. Rg1 Rxd5+ 31. Ke4 Qc2+ 0-1

[Event "Campeonato del mundo sub-18"]
[Site "Kemer TUR"]
[Date "2009.11.12"]
[Round "1.25"]
[White "Baron, Tal"]
[Black "Jefic, Srdan"]
[Result "1-0"]
[WhiteElo "2404"]
[BlackElo "2105"]
[PlyCount "63"]
[EventDate "2009.11.11"]
[EventType "swiss"]
[EventRounds "11"]
[EventCountry "ESP"]
[Source "lmi"]
[SourceDate "2009.11.11"]

1. e4 c6 2. d4 d5 3. Nc3 dxe4 4. Nxe4 Bf5 5. Ng3 Bg6 6. h4 h6 7. Nf3 Nd7 8. h5
Bh7 9. Bd3 Bxd3 10. Qxd3 e6 11. Bf4 Qa5+ 12. Bd2 Bb4 13. c3 Be7 14. c4 Bb4 15.
Ne4 Ngf6 16. Nd6+ Ke7 17. c5 b6 18. O-O bxc5 19. Ne5 Nxe5 20. dxe5 Bxd2 21.
exf6+ gxf6 22. Nc4 Rad8 23. Qc2 Qc7 24. Nxd2 Rd5 25. Rfd1 Rg8 26. Nf1 Rxh5 27.
Rd3 Qf4 28. Rad1 Qh4 29. Ng3 Qh2+ 30. Kf1 Re5 31. Rd7+ Kf8 32. Rxf7+ 1-0

[Event "Campeonato del mundo sub-18"]
[Site "Kemer TUR"]
[Date "2009.11.12"]
[Round "1.26"]
[White "Ulkhanov, Azamat"]
[Black "Shyam, Nikhil Ponnusamy"]
[Result "0-1"]
[WhiteElo "2068"]
[BlackElo "2393"]
[PlyCount "60"]
[EventDate "2009.11.11"]
[EventType "swiss"]
[EventRounds "11"]
[EventCountry "ESP"]
[Source "lmi"]
[SourceDate "2009.11.11"]

1. e4 c5 2. Nf3 d6 3. d4 cxd4 4. Nxd4 Nf6 5. Nc3 a6 6. Bg5 e6 7. f4 Qc7 8. Qf3
Nc6 9. O-O-O Nxd4 10. Rxd4 Be7 11. g4 b5 12. Bg2 Bb7 13. Rhd1 Rc8 14. Qe2 Qa5
15. e5 dxe5 16. fxe5 Bxg2 17. Qxg2 b4 18. Qb7 O-O 19. Qxe7 bxc3 20. Bxf6 Qxa2
21. Qa3 cxb2+ 22. Qxb2 Rxc2+ 23. Qxc2 Qa1+ 24. Kd2 Qxd4+ 25. Ke1 Qg1+ 26. Kd2
Qxh2+ 27. Kc1 Qxc2+ 28. Kxc2 gxf6 29. exf6 h6 30. g5 hxg5 0-1

[Event "Campeonato del mundo sub-18"]
[Site "Kemer TUR"]
[Date "2009.11.12"]
[Round "1.27"]
[White "Demuth, Adrien"]
[Black "Tasdelen, Deniz Murat"]
[Result "1-0"]
[WhiteElo "2387"]
[BlackElo "2058"]
[PlyCount "99"]
[EventDate "2009.11.11"]
[EventType "swiss"]
[EventRounds "11"]
[EventCountry "ESP"]
[Source "lmi"]
[SourceDate "2009.11.11"]

1. d4 d5 2. c4 c6 3. Nf3 Nf6 4. Nc3 e6 5. Bg5 dxc4 6. e4 b5 7. e5 h6 8. Bh4 g5
9. Nxg5 hxg5 10. Bxg5 Nbd7 11. exf6 Bb7 12. g3 c5 13. d5 Qb6 14. Bg2 O-O-O 15.
O-O b4 16. Rb1 Qa6 17. dxe6 Bxg2 18. e7 Bxf1 19. Qd5 Bxe7 20. fxe7 Bd3 21.
exd8=Q+ Rxd8 22. Ne4 Bxb1 23. Nd6+ Kc7 24. Bf4 Kb6 25. Nxc4+ Kb5 26. Nd6+ Kb6
27. Nc4+ Kb5 28. Nd6+ Kb6 29. Nxf7 Re8 30. Qd6+ Ka5 31. Qc7+ Qb6 32. Qxd7 Re1+
33. Kg2 Be4+ 34. f3 Bc6 35. Qd2 Ra1 36. Ne5 Qb5 37. Qd8+ Ka6 38. Kh3 Qb7 39.
Qd6 Qc8+ 40. g4 Kb6 41. Be3 Qc7 42. Qxc5+ Kb7 43. Qxb4+ Kc8 44. Qc3 Bd5 45.
Bxa7 Rxa2 46. Bd4 Qxc3 47. bxc3 Kc7 48. Kg3 Kd6 49. h4 Re2 50. Kf4 1-0

[Event "Campeonato del mundo sub-18"]
[Site "Kemer TUR"]
[Date "2009.11.12"]
[Round "1.28"]
[White "Santos, Hugo Lima"]
[Black "Kleijn, Christov"]
[Result "0-1"]
[WhiteElo "2041"]
[BlackElo "2383"]
[PlyCount "68"]
[EventDate "2009.11.11"]
[EventType "swiss"]
[EventRounds "11"]
[EventCountry "ESP"]
[Source "lmi"]
[SourceDate "2009.11.11"]

1. e4 c5 2. Nc3 Nc6 3. f4 g6 4. Nf3 Bg7 5. Bb5 Nd4 6. Bc4 d6 7. O-O e6 8. e5
Qc7 9. Nxd4 cxd4 10. Ne4 dxe5 11. fxe5 Bxe5 12. d3 f5 13. Qf3 Qc6 14. Ng5 Qd6
15. Bd2 Bd7 16. Kh1 h6 17. Nh3 O-O-O 18. c3 g5 19. cxd4 Bxd4 20. Qd1 Be5 21.
Qb3 Bf4 22. Nxf4 gxf4 23. Rac1 Kb8 24. Bb4 Qb6 25. Qa3 Rc8 26. h3 Nf6 27. Rxf4
Bc6 28. Kh2 Rhg8 29. g3 Rxg3 30. Kxg3 Rg8+ 31. Rg4 fxg4 32. Bd6+ Ka8 33. Bxe6
Nh5+ 34. Kh2 Qf2# 0-1

[Event "Campeonato del mundo sub-18"]
[Site "Kemer TUR"]
[Date "2009.11.12"]
[Round "1.30"]
[White "Kristinsson, Bjarni J"]
[Black "Kulakov, Viacheslav"]
[Result "0-1"]
[WhiteElo "2023"]
[BlackElo "2380"]
[PlyCount "50"]
[EventDate "2009.11.11"]
[EventType "swiss"]
[EventRounds "11"]
[EventCountry "ESP"]
[Source "lmi"]
[SourceDate "2009.11.11"]

1. e4 c6 2. d4 d5 3. exd5 cxd5 4. c4 Nf6 5. Nc3 e6 6. Nf3 Bb4 7. Bd2 O-O 8. c5
b6 9. a3 Bxc3 10. Bxc3 Ne4 11. Rc1 e5 12. cxb6 Qxb6 13. Nxe5 f6 14. Nf3 Re8 15.
Be2 Ba6 16. Qa4 Re6 17. Bb4 Bxe2 18. Rc8+ Kf7 19. Rf8+ Kg6 20. Qc2 Ba6 21. g4
Kh6 22. Kd1 Ng5 23. Qg6+ hxg6 24. Nxg5 Kxg5 25. h3 Kf4 0-1